| 000 | 01189nam a2200205Ia 4500 | ||
|---|---|---|---|
| 003 | Ost | ||
| 005 | 20260507075036.0 | ||
| 008 | 260507s9999||||xx |||||||||||||| ||und|| | ||
| 040 | _cfsecg | ||
| 041 | _aara | ||
| 100 |
_aمسعد، محي محمد _eمؤلف |
||
| 245 | 0 |
_aالاطار القانوني للنشاط السياحي والفندقي / _c محي محمد مسعد |
|
| 260 |
_aالاسكندرية: _bالمكتب العربي الحديث, _c[دون تاريخ] |
||
| 300 |
_a303 صفحة؛ _bإيضاحات ؛ _c24 سم |
||
| 520 | _aمفاهيم ومرتكزات أساسية ،القاعدة القانونية،النشاط السياحي-القوانين والقرارات والاتفاقيات الدولية الحاكمة للنشاط السياحي والفندقي-أهم القوانين المرتبطة بالنشاط السياحي والفندقي-قانون العمل وأهم قوانين الضمان والتأمينات الإجتماعية-قانون حماية البيئة وقانون الجمعيات والمؤسسات الأهلية | ||
| 653 | _aالسياحة | ||
| 653 | _aالفنادق | ||
| 653 | _aقانون | ||
| 942 | _cكتاب | ||
| 999 |
_c42462 _d42462 |
||